000 00917cam a2200301 4500
001 E09860
008 000000n2001 000 0 eng u
035 _a(Sirsi) u110864
041 _aeng
050 _a333.33016
110 _aInsignia Richard Ellis
_93847
245 _aMonthly index. - January - Dec 2001
260 _aLondon
_bInsignia Richard Ellis
_c2001
300 _a11 pt. ; 30cm.
520 _aJuly 2001 issue missing. From 2002 index contained in new publication: Property Investment Monitor.
650 _aCAPITAL VALUES
650 _aINDUSTRIAL PROPERTY
650 _aOFFICES
650 _aPROPERTY INDICES
650 _aRENT
650 _aRETAIL PROPERTY
650 _aSHOPS
650 _aYIELDS
690 _aPROPERTY-COMMERCIAL PROPERTY-COMMERCIAL PROPERTY FINANCE AND INVESTMENT
710 _aRichard Ellis St. Quintin
_93738
710 _aRichard Ellis
_91875
942 _n0
999 _c101150
_d101150